| 000 | 03132cam a2200409 4500500 | ||
|---|---|---|---|
| 005 | 20260222002713.0 | ||
| 041 | _afre | ||
| 042 | _adc | ||
| 100 | 1 | 0 |
_aDa Silva, Sandra _eauthor |
| 700 | 1 | 0 |
_aRenard, Tristan _eauthor |
| 700 | 1 | 0 |
_aRoblin, Guillemette _eauthor |
| 700 | 1 | 0 |
_aMoncany, Anne-Hélène _eauthor |
| 245 | 0 | 0 | _aEntre secret et signalement : des postures professionnelles en tension |
| 260 | _c2021. | ||
| 500 | _a96 | ||
| 520 | _aLes questionnements autour du secret chez les professionnels du soin renvoient à la fois à une connaissance plus ou moins maîtrisée du cadre légal mais également à des ajustements pratiques dont la diversité reflète celle des situations de travail.À partir d’une recherche-action, menée au sein du Criavs (Centre ressources pour intervenants auprès d’auteurs de violences sexuelles), avec la méthode d’analyse en groupe nous montrons, dans cet article, les formes de positionnements pouvant exister à propos d’une même situation de signalement, mettant ainsi en exergue différentes logiques professionnelles. | ||
| 520 | _aWhen it comes to professional secrecy among health care professionals, the main questions relate to both knowledge of the legal framework and to the practical adjustments that are just as varied as work situations.Drawing on an action research study conducted by the Centre Ressources pour Intervenants auprès d’Auteurs de Violences Sexuelles (Criavs) (Resource Center for Professionals Working with Sex Offenders) and using the group analysis method, this paper outlines the different kinds of positioning strategies adopted with regard to the same reported child abuse situation, thus highlighting differing professional reasonings. | ||
| 520 | _aLos cuestionamientos en torno al secreto entre los profesionales del cuidado remiten a la vez a un conocimiento más o menos dominado del marco legal pero también a unos ajustes prácticos cuya diversidad refleja la de las situaciones laborales.À partir de una investigación-acción llevada a cabo dentro del Criavs (Centro de recursos para interventores con autores de violencias sexuales), con el método de análisis en grupo mostramos en este artículo las formas de posicionamientos que pueden existir a propósito de una misma situación de señalamiento, que ponen así el foco en diferentes lógicas profesionales. | ||
| 690 | _aanalyse de la pratique | ||
| 690 | _adroit | ||
| 690 | _aprofessionnel de santé | ||
| 690 | _aresponsabilité pénale | ||
| 690 | _asecret partagé | ||
| 690 | _asecret professionnel | ||
| 690 | _asignalement | ||
| 690 | _aviolence familiale | ||
| 690 | _aanalysis of practice | ||
| 690 | _acriminal responsibility | ||
| 690 | _adomestic violence | ||
| 690 | _ahealth care professional | ||
| 690 | _alaw | ||
| 690 | _aprofessional secrecy | ||
| 690 | _areporting | ||
| 690 | _ashared secret | ||
| 786 | 0 | _nL'information psychiatrique | Volume 97 | 1 | 2021-02-02 | p. 53-58 | 0020-0204 | |
| 856 | 4 | 1 | _uhttps://stm.cairn.info/revue-l-information-psychiatrique-2021-1-page-53?lang=fr&redirect-ssocas=7080 |
| 999 |
_c1665648 _d1665648 |
||